Điện tử công suất

Cuốn sách trình bày các vấn đề như mô phỏng thiết bị điện tử công suất, truyền tải điện một chiều cao áp, điện tử công suất trong hệ thống điều chỉnh điện áp, điện tử công suất trong công nghệ điện hoá, điện tử công suất trong cô...

Descripció completa

Guardat en:
Dades bibliogràfiques
Autor principal: Lê, Văn Doanh
Format: Llibre
Idioma:Undetermined
Publicat: Hà Nội Khoa học và Kỹ thuật 2007
Matèries:
Etiquetes: Afegir etiqueta
Sense etiquetes, Sigues el primer a etiquetar aquest registre!
Thư viện lưu trữ: Trung tâm Học liệu Trường Đại học Cần Thơ
LEADER 01056nam a2200205Ia 4500
001 CTU_124332
008 210402s9999 xx 000 0 und d
020 |c 83000 
082 |a 621.3815 
082 |b D408/T.2 
100 |a Lê, Văn Doanh 
245 0 |a Điện tử công suất 
245 0 |c Lê Văn Doanh 
260 |a Hà Nội 
260 |b Khoa học và Kỹ thuật 
260 |c 2007 
520 |a Cuốn sách trình bày các vấn đề như mô phỏng thiết bị điện tử công suất, truyền tải điện một chiều cao áp, điện tử công suất trong hệ thống điều chỉnh điện áp, điện tử công suất trong công nghệ điện hoá, điện tử công suất trong công nghệ hàn, chất lượng điện năng... 
650 |a Electronic apparatus and appliances,Electronic engineering,Power electronics,Semiconductors 
904 |i Năm 
980 |a Trung tâm Học liệu Trường Đại học Cần Thơ